| 000 | 00800nam a22002297a 4500 | ||
|---|---|---|---|
| 005 | 20170919162633.0 | ||
| 010 | _aENG-120812-813 | ||
| 020 |
_a9788131252307(vol-1) _c3495.00 (set of 2vols) |
||
| 020 |
_a9788131252307(vol-2) _c3495.00 (set of 2vols) |
||
| 035 | _aEN-104344-345 | ||
| 037 | _bDBAD/PUB | ||
| 082 | _a343.54071 | ||
| 100 | _aSudhanshu Kumar | ||
| 245 |
_aThe law of consumer protection / _cby D.P. Wadhwa [and] N.L. Rajah |
||
| 250 | _a3rd ed by Sudhanshu Kumar | ||
| 260 |
_aGurgaon _bLexis Nexis _c2017 |
||
| 270 |
_a14th floor, Building No 10, Tower-B, DLF Cyber City, Phase-ll, _bGurgaon _e122002 |
||
| 300 |
_a2-vols-(ccIxx,5142p. ; xIviii,1543p.) _c25cm(Hb) |
||
| 500 | _aIncludes index | ||
| 700 | _aN.L. Rajah | ||
| 942 |
_2ddc _cEN _mWAD _h343.54071 |
||
| 999 |
_c145007 _d145007 |
||